Countries of the World: 1914 - Statistics

General Stats
  • This quiz has been taken 42 times
  • The average score is 50 of 72
Answer Stats
Picture Answer % Correct
Argentina
100%
Australia
100%
Belgium
97%
Brazil
97%
Bulgaria
93%
Chile
93%
Colombia
93%
Cuba
93%
Denmark
93%
France
93%
Italy
93%
Japan
93%
Bolivia
90%
Germany
90%
Mexico
90%
Norway
90%
Albania
86%
Austria-Hungary
86%
China
86%
Dominican Republic
86%
Haiti
86%
Ottoman Empire
86%
Panama
86%
Russia
86%
Sweden
86%
United Kingdom
86%
Canada
83%
Greece
83%
Guatemala
83%
Luxembourg
83%
Netherlands
83%
Nicaragua
83%
Paraguay
83%
Peru
83%
Afghanistan
79%
Costa Rica
79%
Ecuador
79%
Honduras
79%
New Zealand
79%
Portugal
79%
Romania
79%
Spain
79%
United States
79%
Uruguay
79%
Ethiopia
76%
Switzerland
76%
Venezuela
76%
El Salvador
72%
Nejd and Hasa
72%
Liberia
69%
Monaco
66%
Serbia
66%
Andorra
62%
San Marino
62%
Siam
62%
Tibet
62%
Liechtenstein
55%
Montenegro
52%
Muscat and Oman
48%
Oman
45%
Mongolia
34%
Newfoundland
34%
South Africa
31%
Darfur
21%
Ha'il
21%
Asir
14%
Aussa
10%
Mbundaland
10%
Northern Epirus
10%
Sulu
7%
Central Albania
0%
Setul Mamban Segara
0%
No matching quizzes found
Score Distribution
Percent of People with Each Score
Percentile by Number Answered
Your Score History
You have not taken this quiz